Movies Quiz

Random Movies or Clickable Quiz

Sounds the Same: Movies and Actors Quiz Stats

Quiz Updated Nov 7, 2015

Challenge
Share
Tweet
Embed
Score 0/40 Timer 06:00
5 Plays Today
% Correct
Scarlet Scarlett
98.7%
Cruise Cruz
97.9%
More Moore
97.5%
Web Webb
96.9%
Kane Caine
96.7%
Pit Pitt
95.6%
Rider Ryder
94.6%
Fox Foxx
94.1%
Green Greene
93.5%
Polar Poehler
93.4%
Coal Cole
91.7%
Hawk Hawke
91.2%
Lock Locke
89.1%
May Mae
89%
Night Knight
88.6%
Carol Carole
88.1%
Live Liv
87.7%
Sky Skye
85.7%
Win Wynn
85.6%
Booth Boothe
85.5%
% Correct
Shoe Shue
84.6%
Horn Horne
83.5%
Bow Bo
81.9%
Holiday Holliday
80.8%
Right Wright
80.8%
Heart Hart
79.8%
Court Cort
79.7%
Price Pryce
79.7%
Low Lowe
77.6%
Sid Cyd
76.9%
Man Mann
76.7%
Cat Kat
76.5%
Wild Wilde
74.9%
Lemon Lemmon
74.4%
Marshal Marshall
72.9%
Forest Forrest
66.9%
Tailor Taylor
66.2%
Pete Peet
66.2%
Peel Peele
66.1%
Lion Lyon
62.3%

You're not logged in!

Compare scores with friends on all Sporcle quizzes.
Sign Up with Email
OR
Log In

You Might Also Like...

Show Comments

Extras

Top Quizzes Today


Score Distribution

Your Account Isn't Verified!

In order to create a playlist on Sporcle, you need to verify the email address you used during registration. Go to your Sporcle Settings to finish the process.